00854nam a22002297a 450000500170000001000130001702000230003003500130005303700180006604000120008408200130009624501030010926000370021227000540024930000200030365000470032365000460037065000430041694200220045999900190048195201240050020170124110310.0 aB-217838 a8188583448c800.00 aB-217838 bCen Lib / Ret aDPLbEN a330bREF aReference manual for UGC examinations :bNET, SLET, JRF and other UPSC competitive tests Economics aNew DelhibReference Pressc2004 a4831/24 Ansari Road Darya GanjbNew Delhie110002 a437p b24cm(Hb) aEconomics -- Examinations -- Study guides. aEconomics-- Examinations, questions, etc. aExaminations -- India -- Study guides. 2ddccENh330mREF c136895d136895 00104070aLbLd2016-03-11eCen Lib/Retg800.00l0o330 REFpB-217838r2016-03-11 00:00:00t1v800.00w2016-03-11yEN